Riconosci il Pokémon - Quiz n°771 - Statistics

Statistiche generali
  • Questo quiz è stato fatto 3 volte
  • Il punteggio medio è 5 su 10
Statistiche sulle risposte
Indizio Riposta % Corretto
Tipo Acqua
100%
Generazione Sesta
100%
Altezza 0,5 m
67%
Stadio evoluzione Forma Base
67%
Tasso di cattura 225 (39.9%)
33%
Sesso 50% ♂, 50% ♀
33%
Peso 8,3 kg
33%
Pokémon Clauncher
33%
Tasso di allevamento Lento
33%
Abilità Megalancio
33%
Nessun quiz corrispondente trovato
Distribuzione punteggi
Percentuale di utenti per punteggio
Percentile per numero di risposta
I tuoi punteggi nel tempo
Non hai fatto questo quiz